000 00671nam a2200241 i 4500
001 C2-0301322
003 PPAK
005 20180728082639.0
008 091208s2008 my a|||| ||||| | may d
020 _a9789831243770
040 _aPPAK
_beng
_cPPAK
_erda
082 0 4 _a641.692
_223
090 0 0 _a641.692
_bKOM
_dR
245 0 0 _aKompilasi masakan ikan laut
264 1 _aShah Alam, Selangor :
_bAlaf 21 ,
_c2008
300 _a64 pages :
_bcolour illustrations ;
_c26 cm
336 _2rdacontent
_atext
337 _2rdamedia
_aunmediated
338 _2rdacarrier
_avolume
650 1 0 _aCookery (Fish).
700 0 _aPatonah Chai Choh,
_ecompile
942 _ddc
_cB
999 _c105116
_d105116